U.S. States by Median Household Income - Statistics

General Stats
  • This quiz has been taken 82 times
    70 since last reset
  • The average score is 17 of 20
Answer Stats
Income State % Correct
$67,844.00 New York
96%
$75,277.00 California
93%
$83,242.00 Maryland
93%
$76,348.00 Connecticut
91%
$81,740.00 New Jersey
91%
$74,073.00 Washington
91%
$63,426.00 Oregon
89%
$71,953.00 Colorado
88%
$74,991.00 New Hampshire
88%
$64,340.00 Rhode Island
88%
$80,212.00 Hawaii
86%
$65,030.00 Illinois
86%
$79,835.00 Massachusetts
86%
$71,414.00 Utah
86%
$74,346.00 Alaska
84%
$72,577.00 Virginia
84%
$70,315.00 Minnesota
82%
$64,805.00 Delaware
79%
$63,837.00 North Dakota
68%
$61,584.00 Wyoming
67%
No matching quizzes found
Score Distribution
Percent of People with Each Score
Percentile by Number Answered
Your Score History
You have not taken this quiz since the last reset